[Event "AUTO-OPEN-4595"]
[Site "http://www.queenalice.com/game.php?id=1857541"]
[Date "2025.5.19"]
[Round "1"]
[White "Jovanina1"]
[Black "Fauquinelle"]
[Result "0-1"]
[WhiteElo "2243"]
[BlackElo "1929"]

1. f3 c5 2. g3 d5 3. Nh3 e5 4. Nf2 Nc6 5. Bg2 Nf6 6. b3 Bd6 7. Bb2 O-O 8. O-O
Qb6 9. Nc3 d4 10. Nce4 Be7 11. Nxf6+ Bxf6 12. Ne4 Be7 13. d3 f5 14. Nd2 f4 15.
g4 Bg5 16. Ne4 Bh4 17. Ba3 Be7 18. Qe1 Nb4 19. Bxb4 cxb4 20. Qf2 g5 21. Nd2 Be6
22. Rfc1 Rac8 23. Qe1 Bd5 24. Nb1 Kf7 25. Bf1 Rh8 26. Nd2 Qg6 27. Nb1 b6 28. a3
a5 29. Bg2 bxa3 30. Nxa3 Qc6 31. Nb1 Bb4 32. c3 dxc3 33. Nxc3 Bxb3 34. Qf1 Bxc3
35. Kh1 Qd5 36. Rab1 a4 37. Rxb3 Qxb3 38. Rb1 Qe6 39. Qf2 Bd4 40. Qe1 Be3 41.
Qb4 Qa2 42. Bf1 Rhd8 43. Rb2 Qa1 44. Rb1 Qd4 45. Qe1 Rc2 46. Rb4 Qc3 47. Qxc3
Rxc3 48. Rxa4 Kg6 49. h3 Rd6 50. Ra6 Rdc6 51. Kh2 Rc2 52. Ra8 Rd6 53. h4 gxh4
54. Kh3 Rc1 55. Bg2 Re1 56. g5 Rxe2 57. Rg8+ Kf7 58. Rh8 Kg7 59. Re8 Bf2 60. Bf1
Re1 61. Kg2 Bc5 62. d4 Rxd4 63. Kh3 Rxf1 64. Kg4 h3 65. Kf5 Rxf3 66. Rxe5 Re3
0-1

[Event "AUTO-OPEN-4595"]
[Site "http://www.queenalice.com/game.php?id=1857566"]
[Date "2025.5.19"]
[Round "1"]
[White "rockaudrey"]
[Black "Jovanina1"]
[Result "0-1"]
[WhiteElo "2310"]
[BlackElo "2215"]

1. e4 e6 2. Nf3 d5 3. e5 c5 4. b4 cxb4 5. d4 h6 6. a3 bxa3 7. c3 Bd7 8. Bd3 a6
9. Nxa3 Nc6 10. O-O Nge7 11. c4 b6 12. Be3 Nf5 13. Bxf5 exf5 14. cxd5 Nb4 15. e6
fxe6 16. dxe6 Bxe6 17. Re1 Nd5 18. Ne5 Bxa3 19. Qh5+ Kf8 20. Rxa3 Kg8 21. Bd2
Nf6 22. Qg6 Qd6 23. Rg3 Ne8 24. Bxh6 Rxh6 25. Qxh6 Ra7 26. Qh5 Nf6 27. Qh6 f4
28. Rg5 Bf5 29. Qh4 Bh7 30. Qxf4 Nd5 31. Qg4 Qf8 32. Nc6 Nf6 33. Qe6+ Rf7 34.
Ne5 a5 35. Nxf7 Qxf7 36. Qxb6 a4 37. Re6 Kh8 38. Qd8+ Ng8 39. Rge5 Qf4 40. Re8
Qc1+ 41. Re1 Qf4 0-1

[Event "AUTO-MASTER-3270"]
[Site "http://www.queenalice.com/game.php?id=1859436"]
[Date "2025.7.5"]
[Round "1"]
[White "Jovanina1"]
[Black "raulzampronha"]
[Result "0-1"]
[WhiteElo "2221"]
[BlackElo "2247"]

1. d4 Nf6 2. c4 e6 3. Nf3 Bb4+ 4. Bd2 Qe7 5. Nc3 O-O 6. a3 Bxc3 7. Bxc3 Ne4 8.
Bb4 d6 9. Qd3 f5 10. O-O-O Nxf2 11. Qe3 Nxd1 12. Kxd1 Nd7 13. h4 c5 14. Bc3 b6
15. d5 e5 16. g3 Nf6 17. Bh3 Ne4 18. Be1 Bd7 19. Nd2 Nxd2 20. Bxd2 f4 21. gxf4
Rxf4 22. h5 Bxh3 23. Qxh3 Rxc4 24. Bc3 Rf8 25. Rh2 Rcf4 26. Kc2 Qf7 27. e3 Rf2+
28. Rxf2 Qxf2+ 29. Kb3 Qf7 30. e4 b5 31. Ka2 h6 32. Bd2 Kh8 33. Ba5 Rb8 34. Qg4
b4 35. axb4 cxb4 36. Kb3 Rf8 37. Kxb4 Qb7+ 38. Ka3 Rb8 39. b4 Rf8 40. Qe6 Qb8
41. Qh3 Qc8 42. Qe3 Qc2 43. b5 Rf2 44. Bc3 Qa2+ 45. Kb4 Qb1+ 46. Kc4 Rf4 0-1

[Event "AUTO-MASTER-3270"]
[Site "http://www.queenalice.com/game.php?id=1859439"]
[Date "2025.7.5"]
[Round "1"]
[White "JailtonMaster"]
[Black "Jovanina1"]
[Result "1-0"]
[WhiteElo "2215"]
[BlackElo "2237"]

1. e4 e6 2. d4 c5 3. Nf3 cxd4 4. Nxd4 Bc5 5. Nc3 Qf6 6. Be3 Bb4 7. Qd2 Nc6 8.
O-O-O Ne5 9. f4 Ng4 10. e5 Qe7 11. Bg1 a6 12. h3 N4h6 13. Bd3 d6 14. exd6 Qxd6
15. Nde2 Ne7 16. Bb5+ axb5 17. Qxd6 Bxd6 18. Nxb5 Bb8 19. Bc5 Rxa2 20. Kb1 Ra6
21. Rhe1 Nd5 22. g3 f5 23. Ned4 Kf7 24. Nf3 Re8 25. Ng5+ Kg8 26. Rxd5 g6 27. Bd6
Bxd6 28. Rxd6 Rxd6 29. Nxd6 Rd8 30. Nxc8 Rxc8 31. Rxe6 b5 32. Re7 Kf8 33. Rxh7
Ng8 34. Ne6+ Ke8 35. Nc7+ Kf8 36. Nxb5 Re8 37. Nd6 Re1+ 38. Ka2 Ne7 39. Nc8 Nxc8
40. Rh8+ Kg7 41. Rxc8 Re3 42. Rc7+ Kh6 43. g4 fxg4 44. hxg4 g5 45. Rc6+ Kg7 46.
f5 1-0

[Event "AUTO-OPEN-4538"]
[Site "http://www.queenalice.com/game.php?id=1859476"]
[Date "2025.7.5"]
[Round "3"]
[White "Jovanina1"]
[Black "CHECKMATE88"]
[Result "0-1"]
[WhiteElo "2210"]
[BlackElo "2414"]

1. f3 e5 2. g3 d5 3. Nh3 Nc6 4. Nf2 h5 5. Bg2 h4 6. g4 h3 7. Bxh3 Bc5 8. e3 d4
9. Qe2 Be6 10. Ne4 Bb6 11. b3 Rxh3 12. Qg2 Rh8 13. Bb2 Nf6 14. Ng5 dxe3 15. Nxe6
fxe6 16. d3 Nd5 17. Na3 Qh4+ 0-1